| 000 | 01161nam a2200301 a 4500 | ||
|---|---|---|---|
| 001 | 000115925 | ||
| 003 | CHAP | ||
| 005 | 20220329144554.0 | ||
| 008 | 190726s2019 mx a |sm |||||||spa d | ||
| 010 | _a112386 | ||
| 011 | _a113358 | ||
| 040 | _cCHAP | ||
| 090 | _aTesis | ||
| 100 | 1 |
_aZulaica Martínez, María Elena. _9136604 |
|
| 245 | 1 | 0 |
_aPlantación de conservación ex situ de recursos genéticos de 3 subpoblaciones de Pinus radiata de Isla Guadalupe _h[En línea] _cpor María Elena Zulaica Martínez. |
| 260 |
_aChapingo, Méx. : _bEl autor, _c2019. |
||
| 500 | _aPara ver el contenido del material haga clic en la liga | ||
| 502 | _aTesis (Ingeniero en Restauración Forestal) -- UACH. División de Ciencias Forestales | ||
| 590 |
_aE6337LMJ _b05 _c20190726 _lUCH01 _h1032 |
||
| 590 |
_aE6337LMJ _b05 _c20190726 _lUCH01 _h1033 |
||
| 650 | 1 | 4 |
_aPináceas _xCrecimiento. _988225 |
| 650 | 1 | 4 |
_aPinus radiata _xSemillas _xFisiología y morfología. _9133040 |
| 650 | 1 | 4 |
_aPinus radiata _xSemillas _xGerminación. _9133041 |
| 856 |
_aFinding aid _uhttp://10.13.5.2/tesis/sist115925.pdf _zTeclea aquí |
||
| 901 | _aBK | ||
| 942 | _cTESIS | ||
| 942 | _n0 | ||
| 999 |
_c112386 _d112386 |
||